000 00518nam a22001697a 4500
003 NUST
038 _aNusrat Nadeem
082 _a200
100 _aAlamgir, Nayab
_9123545
245 _aSome Fixed Point Results on Generalized Metric Spaces/
_cNayab Alamgir
264 _aIslamabad;
_bSNS NUST;
_c2022;
300 _a140,p;
_bill;
_c30,cm.
690 _aPhD-Mathematics
_9123169
700 _aSupervisor: Dr. Quanita Kiran
_9123544
856 _uhttp://10.250.8.41:8080/xmlui/handle/123456789/34706
942 _2ddc
_cSC
999 _c609714
_d609714